[Event "Bundesliga 0001"]
[Site "Deutschland"]
[Date "2001.02.18"]
[Round "9.3"]
[White "Kalka, Arkadius Georg"]
[Black "Kempinski, Robert"]
[Result "0-1"]
[WhiteElo "2378"]
[BlackElo "2498"]
[PlyCount "62"]
[EventDate "2000.10.14"]
[EventType "team"]
[EventRounds "15"]
[EventCountry "GER"]
[SourceTitle "Bundesliga 0001"]
[Source "DeepChess"]
[SourceDate "2005.01.01"]
[SourceVersion "1"]
[SourceVersionDate "2005.01.01"]
[SourceQuality "1"]
[WhiteTeam "SC Hassel KS Gelsenkirchen"]
[BlackTeam "Hamburger SK 1830 e.V."]
[WhiteTeamCountry "GER"]
[BlackTeamCountry "GER"]

1. e4 c5 2. Nf3 d6 3. d4 cxd4 4. Nxd4 Nf6 5. Nc3 a6 6. Be3 e6 7. g4 Nc6 8. g5
Nd7 9. h4 Qc7 10. Qh5 Nxd4 11. Bxd4 b5 12. a3 Ne5 13. Bg2 Rb8 14. O-O Nc6 15.
Be3 g6 16. Qe2 h6 17. f4 hxg5 18. hxg5 Bg7 19. Qd3 b4 20. axb4 Rxb4 21. Na4 Na5
22. c3 Rb5 23. b4 Nc4 24. Bf2 Bd7 25. Bf3 Rxg5+ 26. fxg5 d5 27. Rfc1 Bb5 28.
Bh4 Rxh4 29. Rc2 Na3 30. Qd2 Nxc2 31. Qxc2 Bd4+ 0-1

[Event "Bundesliga 0001"]
[Site "Deutschland"]
[Date "2001.02.18"]
[Round "9.4"]
[White "Hansen, Sune Berg"]
[Black "Baumhus, Reinhard"]
[Result "1-0"]
[WhiteElo "2545"]
[BlackElo "2341"]
[PlyCount "94"]
[EventDate "2000.10.14"]
[EventType "team"]
[EventRounds "15"]
[EventCountry "GER"]
[SourceTitle "Bundesliga 0001"]
[Source "DeepChess"]
[SourceDate "2005.01.01"]
[SourceVersion "1"]
[SourceVersionDate "2005.01.01"]
[SourceQuality "1"]
[WhiteTeam "Hamburger SK 1830 e.V."]
[BlackTeam "SC Hassel KS Gelsenkirchen"]
[WhiteTeamCountry "GER"]
[BlackTeamCountry "GER"]

1. e4 c6 2. c4 d5 3. exd5 cxd5 4. cxd5 a6 5. Nc3 Nf6 6. Nf3 g6 7. Bc4 b5 8. Bb3
Bb7 9. O-O Bg7 10. d4 O-O 11. Bg5 b4 12. Na4 Bxd5 13. Rc1 Ra7 14. Ne5 h6 15.
Be3 e6 16. Nc5 a5 17. Ba4 Ne4 18. Nxe4 Bxe4 19. Qg4 Bd5 20. Qg3 Ra6 21. Rc5 Bb7
22. Rfc1 Rd6 23. Rc7 Be4 24. Qf4 Bf5 25. g4 g5 26. Qf3 Rxd4 27. Bxd4 Qxd4 28.
gxf5 Qxe5 29. fxe6 fxe6 30. Rc8 Na6 31. Rxf8+ Bxf8 32. Rc8 Qf5 33. Qxf5 exf5
34. Bc2 f4 35. Ra8 Nc5 36. Rxa5 Kg7 37. Ra8 Ne6 38. Ra7+ Kf6 39. Bb3 Nd8 40.
Rd7 Be7 41. Bd5 Ne6 42. Bxe6 Kxe6 43. Ra7 h5 44. a4 bxa3 45. bxa3 f3 46. h3 Bc5
47. Ra4 Kd5 1-0

[Event "Bundesliga 0001"]
[Site "Deutschland"]
[Date "2001.02.18"]
[Round "9.5"]
[White "Balster, Stefan"]
[Black "Wahls, Matthias"]
[Result "0-1"]
[WhiteElo "2338"]
[BlackElo "2568"]
[PlyCount "90"]
[EventDate "2000.10.14"]
[EventType "team"]
[EventRounds "15"]
[EventCountry "GER"]
[SourceTitle "Bundesliga 0001"]
[Source "DeepChess"]
[SourceDate "2005.01.01"]
[SourceVersion "1"]
[SourceVersionDate "2005.01.01"]
[SourceQuality "1"]
[WhiteTeam "SC Hassel KS Gelsenkirchen"]
[BlackTeam "Hamburger SK 1830 e.V."]
[WhiteTeamCountry "GER"]
[BlackTeamCountry "GER"]

1. c4 Nf6 2. Nc3 c5 3. Nf3 b6 4. d4 cxd4 5. Nxd4 Bb7 6. f3 e6 7. e4 d6 8. Be2
Be7 9. Be3 O-O 10. O-O Nbd7 11. Qd2 a6 12. Rfd1 Rc8 13. Rac1 Qc7 14. Bf1 Qb8
15. Qf2 Bd8 16. b3 Bc7 17. g4 Rfe8 18. Nde2 h6 19. Ng3 Ba8 20. Rc2 Ne5 21. Bd4
Rcd8 22. Bg2 Rc8 23. h3 Ned7 24. Nf1 b5 25. cxb5 axb5 26. Rdc1 b4 27. Nb5 Qxb5
28. Rxc7 Rxc7 29. Rxc7 e5 30. Bb2 Nc5 31. Ne3 Qb6 32. Rxc5 Qxc5 33. Nc4 Nd7 34.
Qxc5 dxc5 35. Kf2 Bc6 36. Bf1 f6 37. Na5 Ra8 38. Bc4+ Kf8 39. Nxc6 Rxa2 40. Nd8
Rxb2+ 41. Ke3 Ke7 42. Nb7 Rh2 43. Bf1 Rc2 44. Bc4 Rc3+ 45. Ke2 Nb6 0-1

[Event "Bundesliga 0001"]
[Site "Deutschland"]
[Date "2001.02.18"]
[Round "9.6"]
[White "Mueller, Karsten"]
[Black "Schirbel, Andreas"]
[Result "0-1"]
[WhiteElo "2513"]
[BlackElo "2308"]
[PlyCount "58"]
[EventDate "2000.10.14"]
[EventType "team"]
[EventRounds "15"]
[EventCountry "GER"]
[SourceTitle "Bundesliga 0001"]
[Source "DeepChess"]
[SourceDate "2005.01.01"]
[SourceVersion "1"]
[SourceVersionDate "2005.01.01"]
[SourceQuality "1"]
[WhiteTeam "Hamburger SK 1830 e.V."]
[BlackTeam "SC Hassel KS Gelsenkirchen"]
[WhiteTeamCountry "GER"]
[BlackTeamCountry "GER"]

1. e4 e5 2. Nf3 d6 3. d4 exd4 4. Qxd4 Nf6 5. Nc3 Be7 6. Bf4 O-O 7. O-O-O Nc6 8.
Qd2 Bg4 9. h3 Bh5 10. g4 Bg6 11. Qe3 Re8 12. g5 Nxe4 13. Nxe4 Bf8 14. Nfd2 d5
15. h4 Bh5 16. f3 dxe4 17. Nxe4 Qe7 18. Bg2 Rad8 19. Rxd8 Qxd8 20. Rd1 Qe7 21.
Qb3 b6 22. Ng3 g6 23. Nxh5 gxh5 24. Qc4 Ne5 25. Qd5 Bg7 26. Bd2 Rd8 27. Qe4 Qd7
28. Bf1 Qd4 29. Be2 Nd3+ 0-1

[Event "Bundesliga 0001"]
[Site "Deutschland"]
[Date "2001.02.18"]
[Round "9.7"]
[White "Partenheimer, Axel"]
[Black "Heinemann, Thies"]
[Result "0-1"]
[WhiteElo "2196"]
[BlackElo "2468"]
[PlyCount "130"]
[EventDate "2000.10.14"]
[EventType "team"]
[EventRounds "15"]
[EventCountry "GER"]
[SourceTitle "Bundesliga 0001"]
[Source "DeepChess"]
[SourceDate "2005.01.01"]
[SourceVersion "1"]
[SourceVersionDate "2005.01.01"]
[SourceQuality "1"]
[WhiteTeam "SC Hassel KS Gelsenkirchen"]
[BlackTeam "Hamburger SK 1830 e.V."]
[WhiteTeamCountry "GER"]
[BlackTeamCountry "GER"]

1. Nf3 c5 2. c4 g6 3. g3 Bg7 4. Bg2 Nc6 5. Nc3 e6 6. O-O Nge7 7. e3 Nf5 8. b3
O-O 9. Bb2 d5 10. cxd5 exd5 11. Na4 b6 12. Bxg7 Kxg7 13. d4 cxd4 14. Nxd4 Ncxd4
15. exd4 Be6 16. Nc3 Rc8 17. Qd2 Qf6 18. Rfd1 Qxd4 19. Nxd5 Bxd5 20. Qxd4+ Nxd4
21. Rxd4 Be6 22. Rad1 Rc2 23. R4d2 Rfc8 24. Be4 Rxd2 25. Rxd2 Bh3 26. f4 Rc1+
27. Kf2 Be6 28. Ke3 Kf6 29. Rc2 Re1+ 30. Re2 Ra1 31. Bf3 h5 32. Be4 Bg4 33. Bf3
Be6 34. Be4 a5 35. Rb2 Ke7 36. Rd2 Re1+ 37. Kd4 Kd6 38. Bf3 Rc1 39. Be4 b5 40.
Bd3 Bd7 41. Be4 a4 42. bxa4 bxa4 43. Rb2 Rd1+ 44. Kc4 Be6+ 45. Kb5 a3 46. Rc2
Bd7+ 47. Kb4 Rd4+ 48. Rc4 Rxc4+ 49. Kxc4 Be6+ 50. Kb4 Bxa2 51. Kxa3 Bd5 52. Bc2
Kc5 53. Kb2 Kd4 54. Kc1 Ke3 55. Kd1 Kf2 56. Kd2 Be6 57. Bd1 Kg2 58. Ke3 Kxh2
59. Kf2 f6 60. Be2 Bf7 61. Bf1 Bd5 62. Bd3 g5 63. fxg5 fxg5 64. Be2 g4 65. Bf1
Bc6 0-1

[Event "Bundesliga 0001"]
[Site "Deutschland"]
[Date "2001.02.18"]
[Round "9.8"]
[White "Reeh, Oliver"]
[Black "Wiechen, Ulrich"]
[Result "1-0"]
[WhiteElo "2420"]
[BlackElo "2029"]
[PlyCount "117"]
[EventDate "2000.10.14"]
[EventType "team"]
[EventRounds "15"]
[EventCountry "GER"]
[SourceTitle "Bundesliga 0001"]
[Source "DeepChess"]
[SourceDate "2005.01.01"]
[SourceVersion "1"]
[SourceVersionDate "2005.01.01"]
[SourceQuality "1"]
[WhiteTeam "Hamburger SK 1830 e.V."]
[BlackTeam "SC Hassel KS Gelsenkirchen"]
[WhiteTeamCountry "GER"]
[BlackTeamCountry "GER"]

1. d4 d5 2. c4 dxc4 3. e3 Nf6 4. Bxc4 c6 5. Nf3 b5 6. Bd3 Nbd7 7. O-O Bb7 8. e4
Qc7 9. e5 Nd5 10. e6 fxe6 11. Ng5 N7f6 12. Nxe6 Qd6 13. Re1 Bc8 14. Bf5 g6 15.
Bh3 h5 16. Qd3 Kf7 17. Ng5+ Kg7 18. Bxc8 Rxc8 19. Nc3 Ng4 20. Nf3 Nxc3 21. bxc3
Kg8 22. h3 Nh6 23. Ng5 Nf5 24. Re6 Qd5 25. Rxg6+ Bg7 26. Ne6 Rh7 27. Nxg7 Rxg7
28. Rxg7+ Kxg7 29. Bf4 Kf7 30. f3 Rg8 31. g4 Rg6 32. Kf2 hxg4 33. hxg4 Nh6 34.
Be5 e6 35. Qe2 a5 36. Rc1 Qd8 37. Qe4 Qg5 38. Qf4+ Qxf4 39. Bxf4 Ng8 40. Rh1
Nf6 41. Bd2 Rg7 42. c4 bxc4 43. Rc1 c5 44. dxc5 Nd7 45. Rxc4 Rg8 46. c6 Ne5 47.
Rc2 Rc8 48. c7 a4 49. Ba5 Nd7 50. Rd2 Ke7 51. f4 Ra8 52. Bb4+ Ke8 53. Rd6 Nf6
54. Rxe6+ Kf7 55. Re7+ Kg6 56. Kf3 Rh8 57. f5+ Kg5 58. Rg7+ Kh4 59. Be7 1-0

[Event "Bundesliga 0001"]
[Site "Deutschland"]
[Date "2001.02.18"]
[Round "9.2"]
[White "Adams, Michael"]
[Black "Piket, Jeroen"]
[Result "1/2-1/2"]
[WhiteElo "2755"]
[BlackElo "2649"]
[PlyCount "107"]
[EventDate "2000.10.14"]
[EventType "team"]
[EventRounds "15"]
[EventCountry "GER"]
[SourceTitle "Bundesliga 0001"]
[Source "DeepChess"]
[SourceDate "2005.01.01"]
[SourceVersion "1"]
[SourceVersionDate "2005.01.01"]
[SourceQuality "1"]
[WhiteTeam "Luebecker SV von 1873 "]
[BlackTeam "SG 1868 Aljech. Solingen"]
[WhiteTeamCountry "GER"]
[BlackTeamCountry "GER"]

1. e4 g6 2. d4 Bg7 3. Nc3 d6 4. Be3 a6 5. Qd2 b5 6. h4 h5 7. Nf3 Nf6 8. Ng5 Ng4
9. Bf4 f6 10. Nh3 e5 11. dxe5 dxe5 12. Qxd8+ Kxd8 13. Bd2 c6 14. a4 Bb7 15. f3
Nh6 16. Nd1 Bf8 17. Nhf2 Nd7 18. b4 Nf7 19. Nb2 Kc7 20. Be2 Nd8 21. Nfd3 Ne6
22. c3 Be7 23. Bd1 c5 24. c4 cxb4 25. axb5 axb5 26. Rc1 bxc4 27. Nxc4 Kb8 28.
Nxb4 Rc8 29. Nd5 Bd8 30. O-O Nd4 31. Be3 Ra6 32. Nb4 Ra7 33. Bxd4 exd4 34. Be2
Ne5 35. Nxe5 fxe5 36. Rxc8+ Kxc8 37. Rc1+ Kd7 38. Bb5+ Kd6 39. Nc6 Ra8 40. Nxd8
Rxd8 41. Kf2 Rb8 42. Ba4 Ra8 43. Bb3 Ra7 44. Rc2 Bc6 45. Bc4 Ra8 46. Ra2 Rxa2+
47. Bxa2 Ke7 48. Bc4 Kf6 49. g3 g5 50. Be2 Be8 51. Bd3 Bc6 52. Be2 Be8 53. Bd3
Bc6 54. Be2 1/2-1/2

[Event "Bundesliga 0001"]
[Site "Deutschland"]
[Date "2001.02.18"]
[Round "9.5"]
[White "Huebner, Robert"]
[Black "Hodgson, Julian M"]
[Result "1/2-1/2"]
[WhiteElo "2615"]
[BlackElo "2640"]
[PlyCount "43"]
[EventDate "2000.10.14"]
[EventType "team"]
[EventRounds "15"]
[EventCountry "GER"]
[SourceTitle "Bundesliga 0001"]
[Source "DeepChess"]
[SourceDate "2005.01.01"]
[SourceVersion "1"]
[SourceVersionDate "2005.01.01"]
[SourceQuality "1"]
[WhiteTeam "SG 1868 Aljech. Solingen"]
[BlackTeam "Luebecker SV von 1873 "]
[WhiteTeamCountry "GER"]
[BlackTeamCountry "GER"]

1. d4 d5 2. c4 c6 3. Nc3 Nf6 4. Nf3 a6 5. c5 Bg4 6. Ne5 Bh5 7. Qb3 Ra7 8. Bf4
Nbd7 9. e3 Nxe5 10. Bxe5 Nd7 11. Bg3 e5 12. Be2 Bxe2 13. Nxe2 Be7 14. O-O O-O
15. Qd3 Re8 16. b4 Bh4 17. a4 Bxg3 18. Nxg3 g6 19. e4 Nf6 20. dxe5 Rxe5 21. f4
Re8 22. e5 1/2-1/2

[Event "Bundesliga 0001"]
[Site "Deutschland"]
[Date "2001.02.18"]
[Round "9.6"]
[White "Agdestein, Simen"]
[Black "Sadler, Matthew"]
[Result "1/2-1/2"]
[WhiteElo "2590"]
[BlackElo "2628"]
[PlyCount "40"]
[EventDate "2000.10.14"]
[EventType "team"]
[EventRounds "15"]
[EventCountry "GER"]
[SourceTitle "Bundesliga 0001"]
[Source "DeepChess"]
[SourceDate "2005.01.01"]
[SourceVersion "1"]
[SourceVersionDate "2005.01.01"]
[SourceQuality "1"]
[WhiteTeam "Luebecker SV von 1873 "]
[BlackTeam "SG 1868 Aljech. Solingen"]
[WhiteTeamCountry "GER"]
[BlackTeamCountry "GER"]

1. c4 e5 2. Nc3 Nc6 3. Nf3 Nf6 4. e3 Be7 5. a3 O-O 6. Qc2 d5 7. cxd5 Nxd5 8.
Bd3 Kh8 9. Nxd5 Qxd5 10. b4 f5 11. b5 e4 12. Bc4 Qd6 13. bxc6 exf3 14. gxf3
Qxc6 15. Bb2 Bf6 16. Bxf6 Rxf6 17. Ke2 b6 18. Bd3 Qxc2 19. Bxc2 Ba6+ 20. Bd3
Bb7 1/2-1/2

[Event "Bundesliga 0001"]
[Site "Deutschland"]
[Date "2001.02.18"]
[Round "9.7"]
[White "Emms, John M"]
[Black "De Firmian, Nick E"]
[Result "1-0"]
[WhiteElo "2527"]
[BlackElo "2567"]
[PlyCount "145"]
[EventDate "2000.10.14"]
[EventType "team"]
[EventRounds "15"]
[EventCountry "GER"]
[SourceTitle "Bundesliga 0001"]
[Source "DeepChess"]
[SourceDate "2005.01.01"]
[SourceVersion "1"]
[SourceVersionDate "2005.01.01"]
[SourceQuality "1"]
[WhiteTeam "SG 1868 Aljech. Solingen"]
[BlackTeam "Luebecker SV von 1873 "]
[WhiteTeamCountry "GER"]
[BlackTeamCountry "GER"]

1. e4 c5 2. Nf3 d6 3. d4 cxd4 4. Nxd4 Nf6 5. Nc3 a6 6. Bc4 e6 7. O-O Be7 8. a4
O-O 9. Be3 Nc6 10. Kh1 Qc7 11. Qe2 b6 12. f4 Bb7 13. Rae1 Nb4 14. Bg1 Rfe8 15.
Bb3 Bf8 16. Qf2 d5 17. e5 Nd7 18. f5 exf5 19. e6 Nc5 20. Qxf5 fxe6 21. Nxe6 Qd7
22. Nxc5 Qxf5 23. Rxf5 Bxc5 24. Rd1 Rac8 25. h3 h6 26. Bd4 Bxd4 27. Rxd4 Re1+
28. Kh2 a5 29. Rg4 Bc6 30. Nxd5 Nxd5 31. Bxd5+ Bxd5 32. Rxd5 Rxc2 33. Rd7 g5
34. Rd6 Rxb2 35. Rxh6 Re5 36. Rh5 Kf7 37. Rhxg5 Rxg5 38. Rxg5 Rb4 39. Rg4 Rxg4
40. hxg4 Ke6 41. g3 b5 42. axb5 a4 43. b6 Kd7 44. g5 a3 45. g6 a2 46. g7 a1=Q
47. g8=Q Qb2+ 48. Kh3 Qxb6 49. Qf7+ Kd8 50. Qf8+ Kd7 51. Qf7+ Kd8 52. Qf8+ Kd7
53. g4 Qg1 54. Kh4 Qh2+ 55. Kg5 Qg2 56. Qf5+ Kc6 57. Kg6 Kb6 58. g5 Qa8 59. Kg7
Qb7+ 60. Qf7 Qg2 61. g6 Ka5 62. Qf5+ Ka4 63. Kf6 Qc6+ 64. Ke7 Qc3 65. Qg4+ Ka3
66. g7 Qe5+ 67. Kf7 Qc7+ 68. Kg6 Qd6+ 69. Kg5 Qd2+ 70. Kh4 Qh6+ 71. Kg3 Qd6+
72. Kg2 Qd2+ 73. Kg1 1-0

[Event "Bundesliga 0001"]
[Site "Deutschland"]
[Date "2001.02.18"]
[Round "9.1"]
[White "Hracek, Zbynek"]
[Black "Khenkin, Igor"]
[Result "1/2-1/2"]
[WhiteElo "2612"]
[BlackElo "2633"]
[PlyCount "82"]
[EventDate "2000.10.14"]
[EventType "team"]
[EventRounds "15"]
[EventCountry "GER"]
[SourceTitle "Bundesliga 0001"]
[Source "DeepChess"]
[SourceDate "2005.01.01"]
[SourceVersion "1"]
[SourceVersionDate "2005.01.01"]
[SourceQuality "1"]
[WhiteTeam "SAbt SV Werder Bremen"]
[BlackTeam "TV Tegernsee"]
[WhiteTeamCountry "GER"]
[BlackTeamCountry "GER"]

1. e4 c6 2. d4 d5 3. Nc3 dxe4 4. Nxe4 Bf5 5. Ng3 Bg6 6. h4 h6 7. Nf3 Nd7 8. h5
Bh7 9. Bd3 Bxd3 10. Qxd3 e6 11. Bf4 Qa5+ 12. Bd2 Qc7 13. O-O-O Ngf6 14. Ne4 Be7
15. Nxf6+ Bxf6 16. Qe4 O-O-O 17. Bf4 Qa5 18. Kb1 Rhe8 19. g4 Qd5 20. Qe2 Nb6
21. Ne5 Bxe5 22. Qxe5 Qxe5 23. Bxe5 f6 24. Bg3 Rd5 25. c3 c5 26. dxc5 Rxc5 27.
Rhe1 Rd5 28. Kc2 Rxd1 29. Rxd1 e5 30. b3 Re6 31. a4 a6 32. a5 Nd7 33. Re1 Kd8
34. f3 Ke7 35. b4 Rc6 36. Bf2 Ke6 37. Rd1 Rc4 38. Be3 Rc7 39. Rg1 Rc6 40. Rd1
Rc7 41. Rg1 Rc6 1/2-1/2

[Event "Bundesliga 0001"]
[Site "Deutschland"]
[Date "2001.02.18"]
[Round "9.2"]
[White "Ribli, Zoltan"]
[Black "Babula, Vlastimil"]
[Result "1/2-1/2"]
[WhiteElo "2569"]
[BlackElo "2582"]
[PlyCount "51"]
[EventDate "2000.10.14"]
[EventType "team"]
[EventRounds "15"]
[EventCountry "GER"]
[SourceTitle "Bundesliga 0001"]
[Source "DeepChess"]
[SourceDate "2005.01.01"]
[SourceVersion "1"]
[SourceVersionDate "2005.01.01"]
[SourceQuality "1"]
[WhiteTeam "TV Tegernsee"]
[BlackTeam "SAbt SV Werder Bremen"]
[WhiteTeamCountry "GER"]
[BlackTeamCountry "GER"]

1. Nf3 Nf6 2. c4 g6 3. g3 Bg7 4. Bg2 O-O 5. Nc3 d6 6. d4 Nc6 7. O-O a6 8. Bd2
e5 9. dxe5 dxe5 10. Bg5 Be6 11. Nd5 Bxd5 12. cxd5 Qxd5 13. Qxd5 Nxd5 14. Nxe5
Nxe5 15. Bxd5 c6 16. Bb3 a5 17. Rad1 a4 18. Bc2 Rfe8 19. b3 axb3 20. Bxb3 b5
21. Rc1 Nc4 22. Bxc4 bxc4 23. Rxc4 Rxe2 24. a4 h6 25. Be3 Ra2 26. Rxc6 1/2-1/2

[Event "Bundesliga 0001"]
[Site "Deutschland"]
[Date "2001.02.18"]
[Round "9.3"]
[White "Schandorff, Lars"]
[Black "Bauer, Christian"]
[Result "0-1"]
[WhiteElo "2520"]
[BlackElo "2562"]
[PlyCount "66"]
[EventDate "2000.10.14"]
[EventType "team"]
[EventRounds "15"]
[EventCountry "GER"]
[SourceTitle "Bundesliga 0001"]
[Source "DeepChess"]
[SourceDate "2005.01.01"]
[SourceVersion "1"]
[SourceVersionDate "2005.01.01"]
[SourceQuality "1"]
[WhiteTeam "SAbt SV Werder Bremen"]
[BlackTeam "TV Tegernsee"]
[WhiteTeamCountry "GER"]
[BlackTeamCountry "GER"]

1. Nf3 b6 2. g3 Bb7 3. Bg2 f5 4. O-O Nf6 5. c4 g6 6. b3 Bg7 7. Bb2 O-O 8. d4 e6
9. Nbd2 c5 10. Qc2 Na6 11. Rac1 Qe7 12. Rfd1 Rad8 13. Qb1 d6 14. e3 Bh6 15. Bc3
cxd4 16. Nxd4 Bxg2 17. Kxg2 e5 18. N4f3 Nc5 19. b4 Ne6 20. Qb3 Kh8 21. Bb2 g5
22. Kg1 f4 23. exf4 gxf4 24. Qd3 fxg3 25. hxg3 Ng4 26. Rc3 Nd4 27. Nxd4 Nxf2
28. Nf5 Nxd3 29. Nxe7 Nxb2 30. Rb1 Bxd2 31. Rc2 Be3+ 32. Kg2 Nd3 33. Nd5 Bg5
0-1

[Event "Bundesliga 0001"]
[Site "Deutschland"]
[Date "2001.02.18"]
[Round "9.5"]
[White "Pelletier, Yannick"]
[Black "Stangl, Markus"]
[Result "1-0"]
[WhiteElo "2474"]
[BlackElo "2479"]
[PlyCount "79"]
[EventDate "2000.10.14"]
[EventType "team"]
[EventRounds "15"]
[EventCountry "GER"]
[SourceTitle "Bundesliga 0001"]
[Source "DeepChess"]
[SourceDate "2005.01.01"]
[SourceVersion "1"]
[SourceVersionDate "2005.01.01"]
[SourceQuality "1"]
[WhiteTeam "SAbt SV Werder Bremen"]
[BlackTeam "TV Tegernsee"]
[WhiteTeamCountry "GER"]
[BlackTeamCountry "GER"]

1. Nf3 Nf6 2. c4 g6 3. Nc3 d5 4. cxd5 Nxd5 5. Qb3 Nb6 6. d4 Be6 7. Qd1 Bc4 8.
Ne5 Ba6 9. b4 e6 10. Rb1 Nd5 11. Bd2 c6 12. b5 Nxc3 13. bxa6 Nxd1 14. axb7 Nd7
15. Nxc6 Nxf2 16. Nxd8 Rxd8 17. Kxf2 Bd6 18. g3 Nb6 19. Bg2 Bb8 20. Bf4 Ke7 21.
Rb4 Nd5 22. Bxb8 Rxb8 23. Bxd5 exd5 24. Rhb1 Kd6 25. Ra4 Kc7 26. Rxa7 Rhe8 27.
Ra5 Rxb7 28. Rc5+ Kb8 29. Rxb7+ Kxb7 30. Rxd5 Kc6 31. Re5 Ra8 32. Re7 Rxa2 33.
Rxf7 Kd5 34. Rxh7 Kxd4 35. Re7 Kd5 36. Kf3 Ra4 37. h4 Rb4 38. Re8 Ra4 39. e4+
Kd4 40. Kf4 1-0

[Event "Bundesliga 0001"]
[Site "Deutschland"]
[Date "2001.02.18"]
[Round "9.6"]
[White "Kachiani Gersinska, Ketino"]
[Black "Joachim, Sven"]
[Result "1-0"]
[WhiteElo "2448"]
[BlackElo "2445"]
[PlyCount "77"]
[EventDate "2000.10.14"]
[EventType "team"]
[EventRounds "15"]
[EventCountry "GER"]
[SourceTitle "Bundesliga 0001"]
[Source "DeepChess"]
[SourceDate "2005.01.01"]
[SourceVersion "1"]
[SourceVersionDate "2005.01.01"]
[SourceQuality "1"]
[WhiteTeam "TV Tegernsee"]
[BlackTeam "SAbt SV Werder Bremen"]
[WhiteTeamCountry "GER"]
[BlackTeamCountry "GER"]

1. d4 Nf6 2. c4 g6 3. Nc3 Bg7 4. e4 d6 5. Be2 O-O 6. Bg5 c5 7. d5 h6 8. Be3 e6
9. Qd2 exd5 10. cxd5 Re8 11. f3 h5 12. Bg5 a6 13. a4 Qc7 14. Rc1 Nh7 15. Be3
Qe7 16. a5 f5 17. Bd3 Nd7 18. Nh3 Ne5 19. Nf4 Qh4+ 20. Kd1 Qd8 21. Ne6 Bxe6 22.
dxe6 Nxd3 23. Qxd3 fxe4 24. Qxe4 d5 25. Qxg6 d4 26. Ne4 dxe3+ 27. Ke2 Qd4 28.
Rc3 Rad8 29. Qf7+ Kh8 30. e7 Rb8 31. Rd1 Qe5 32. Rd7 Qxh2 33. Rxc5 Qxg2+ 34.
Kxe3 Bh6+ 35. Kd3 Qf1+ 36. Kc2 Qe2+ 37. Kb1 Bg7 38. Rd2 Qe1+ 39. Ka2 1-0

[Event "Bundesliga 0001"]
[Site "Deutschland"]
[Date "2001.02.18"]
[Round "9.7"]
[White "Meins, Gerlef"]
[Black "Pezerovic, Edin"]
[Result "1-0"]
[WhiteElo "2426"]
[BlackElo "2426"]
[PlyCount "83"]
[EventDate "2000.10.14"]
[EventType "team"]
[EventRounds "15"]
[EventCountry "GER"]
[SourceTitle "Bundesliga 0001"]
[Source "DeepChess"]
[SourceDate "2005.01.01"]
[SourceVersion "1"]
[SourceVersionDate "2005.01.01"]
[SourceQuality "1"]
[WhiteTeam "SAbt SV Werder Bremen"]
[BlackTeam "TV Tegernsee"]
[WhiteTeamCountry "GER"]
[BlackTeamCountry "GER"]

1. d4 Nf6 2. c4 e6 3. Nf3 Bb4+ 4. Bd2 Qe7 5. g3 b6 6. Bg2 Bb7 7. O-O O-O 8. Bg5
Bd6 9. Nc3 h6 10. Bxf6 Qxf6 11. e4 Qd8 12. e5 Bb4 13. Qd3 Bxc3 14. Qxc3 d6 15.
Rad1 dxe5 16. Nxe5 Bxg2 17. Kxg2 c6 18. Qf3 Qd6 19. Rfe1 f6 20. Ng6 Re8 21. Nf4
Na6 22. Qg4 Nc7 23. Nh5 Qf8 24. Qe4 c5 25. dxc5 bxc5 26. Rd7 Re7 27. Red1 Qe8
28. Qg4 Kh7 29. Nxg7 Qf7 30. Rxe7 Qxe7 31. Nxe6 Kh8 32. Nf4 Qe4+ 33. Qf3 Qxf3+
34. Kxf3 Na6 35. Rd7 Nb4 36. Nd5 Nc6 37. Kg2 Ne5 38. Rc7 Rf8 39. Rxc5 Nd3 40.
Rb5 Re8 41. Rb3 Nc1 42. Rb7 1-0

[Event "Bundesliga 0001"]
[Site "Deutschland"]
[Date "2001.02.18"]
[Round "9.8"]
[White "Bromberger, Stefan"]
[Black "Heissler, Jakob"]
[Result "0-1"]
[WhiteElo "2375"]
[BlackElo "2447"]
[PlyCount "112"]
[EventDate "2000.10.14"]
[EventType "team"]
[EventRounds "15"]
[EventCountry "GER"]
[SourceTitle "Bundesliga 0001"]
[Source "DeepChess"]
[SourceDate "2005.01.01"]
[SourceVersion "1"]
[SourceVersionDate "2005.01.01"]
[SourceQuality "1"]
[WhiteTeam "TV Tegernsee"]
[BlackTeam "SAbt SV Werder Bremen"]
[WhiteTeamCountry "GER"]
[BlackTeamCountry "GER"]

1. d4 Nf6 2. Nf3 d6 3. c4 Nbd7 4. Nc3 c6 5. e4 e5 6. Be2 Be7 7. O-O O-O 8. Re1
a6 9. Rb1 Re8 10. Bf1 Bf8 11. d5 cxd5 12. cxd5 b5 13. a3 Nb6 14. Bd2 Bd7 15.
Bd3 Qb8 16. Qe2 Rc8 17. b3 Be8 18. Rec1 Nbd7 19. b4 Nb6 20. a4 Nxa4 21. Nxa4
Rxc1+ 22. Rxc1 bxa4 23. Bg5 Be7 24. Qa2 Qxb4 25. Nd2 Bb5 26. Nc4 Rc8 27. Qe2
Bxc4 28. Rxc4 Rxc4 29. Bxc4 Qb1+ 30. Qf1 Qxe4 31. g3 h6 32. Bd3 Qxd5 33. Bc4
Qc6 34. Bxf6 Bxf6 35. Ba2 g6 36. Qd3 Kg7 37. Bd5 Qc5 38. Kg2 a3 39. Qb3 Bd8 40.
Qb7 Bc7 41. Ba2 d5 42. Bxd5 Qb6 43. Qc8 Bd6 44. Ba2 a5 45. Qc4 Qb7+ 46. f3 Qc7
47. Qd5 h5 48. Bc4 Bc5 49. Bb3 Qe7 50. Bc4 Bb6 51. Ba2 Qf6 52. Bc4 e4 53. fxe4
a2 54. Bxa2 Qf2+ 55. Kh3 Qf1+ 56. Kh4 Be3 0-1

[Event "Bundesliga 0001"]
[Site "Deutschland"]
[Date "2001.02.18"]
[Round "9.1"]
[White "Schlindwein, Rolf"]
[Black "Rabiega, Robert"]
[Result "1/2-1/2"]
[WhiteElo "2441"]
[BlackElo "2487"]
[PlyCount "22"]
[EventDate "2000.10.14"]
[EventType "team"]
[EventRounds "15"]
[EventCountry "GER"]
[SourceTitle "Bundesliga 0001"]
[Source "DeepChess"]
[SourceDate "2005.01.01"]
[SourceVersion "1"]
[SourceVersionDate "2005.01.01"]
[SourceQuality "1"]
[WhiteTeam "SF 1982 Baiertal Schatthausen"]
[BlackTeam "SK Koenig Tegel 1949 e.V. "]
[WhiteTeamCountry "GER"]
[BlackTeamCountry "GER"]

1. d4 d5 2. Bf4 Nf6 3. e3 c5 4. Nf3 Nc6 5. Nc3 Bg4 6. Bb5 e6 7. O-O Be7 8. h3
Bxf3 9. Qxf3 cxd4 10. exd4 O-O 11. Bxc6 bxc6 1/2-1/2